| 000 | 00570nam a2200229Ia 4500 | ||
|---|---|---|---|
| 003 | OSt | ||
| 005 | 20220928143222.0 | ||
| 006 | a|||||r|||| 00| 0 | ||
| 007 | ta | ||
| 008 | 220927b |||||||| |||| 00| 0 eng d | ||
| 024 | _a21418 | ||
| 037 | _cTextual | ||
| 040 |
_aSDCL _cSDCL _beng |
||
| 041 |
_2eng _aeng |
||
| 082 | _aE9G:3,88, P4 | ||
| 100 |
_aBommarius A S _9504881 |
||
| 245 | 0 | _aBiocatalysis. | |
| 260 | _c2004 | ||
| 700 |
_a Riebel B R _9504882 |
||
| 942 |
_hE9G:3,88, P4 _cTEXL _2CC |
||
| 999 |
_c823457 _d823457 |
||